[Event "AcademiaPostal-2TP"]
[Site "http://www.queenalice.com/game.php?id=136053"]
[Date "2006.12.2"]
[Round "-"]
[White "HelbertW"]
[Black "VictorCoruja"]
[Result "0-1"]
[WhiteElo "1096"]
[BlackElo "1625"]

1. d4 d5 2. Nf3 Nf6 3. Nc3 Bf5 4. e4 Bxe4 5. Be2 e6 6. Bb5+ c6 7. Ba4 Nbd7 8.
Bf4 Bb4 9. a3 Bxc3+ 10. bxc3 c5 11. dxc5 O-O 12. Ne5 Nxc5 0-1

[Event "AcademiaPostal-2TP"]
[Site "http://www.queenalice.com/game.php?id=136055"]
[Date "2006.12.2"]
[Round "-"]
[White "Bano"]
[Black "VictorCoruja"]
[Result "0-1"]
[WhiteElo "1281"]
[BlackElo "1715"]

1. e4 e6 2. c3 d5 3. e5 c5 4. d4 Nc6 5. Nf3 Qb6 6. Be2 Nge7 7. O-O Nf5 8. Nbd2
cxd4 9. cxd4 Nfxd4 10. Nb3 Nxf3+ 11. Bxf3 Nxe5 12. Be3 Nxf3+ 13. Qxf3 Qd8 14.
Nc5 b6 15. Nb3 Be7 16. Nd4 Bd7 17. a3 O-O 18. Qg4 Bf6 19. Rad1 Rc8 20. b4 e5 21.
Qe2 exd4 22. Bxd4 Re8 23. Qd2 Bxd4 24. Qxd4 Bb5 25. Rfe1 Rxe1+ 26. Rxe1 Qg5 27.
Qe3 Qxe3 28. fxe3 Bd3 29. Rd1 Be4 30. h4 Rc2 0-1

[Event "AcademiaPostal-2TP"]
[Site "http://www.queenalice.com/game.php?id=136056"]
[Date "2006.12.2"]
[Round "-"]
[White "luizmortagua"]
[Black "VictorCoruja"]
[Result "1-0"]
[WhiteElo "1930"]
[BlackElo "1723"]

1. b3 Nf6 2. Bb2 d5 3. e3 Nbd7 4. c4 c6 5. f4 e6 6. Nf3 Be7 7. d4 c5 8. Nbd2
cxd4 9. Bxd4 O-O 10. Bd3 Nc5 11. Bc2 b6 12. O-O Ba6 13. Ne5 Rc8 14. Ng4 Nce4 15.
Nxe4 Nxe4 16. Bxe4 dxe4 17. Qc2 Bf6 18. Nxf6+ gxf6 19. Qxe4 Qe7 20. Qc2 e5 21.
fxe5 fxe5 22. Qe4 f6 23. Bc3 Kh8 24. Rad1 Bb7 25. Qh4 Qg7 26. Rf2 Qg6 27. Rfd2
Rcd8 28. Qf2 Rxd2 29. Rxd2 Rg8 30. g3 Qb1+ 31. Qf1 Qg6 32. Qd3 Qg4 33. Rf2 Qh3
34. e4 Qe6 35. Qf3 Rg6 36. Rd2 Rg4 37. Rf2 Rg6 38. Qd3 Qg4 39. Qd8+ Rg8 40.
Qxf6+ 1-0

[Event "AcademiaPostal-2TP"]
[Site "http://www.queenalice.com/game.php?id=136057"]
[Date "2006.12.2"]
[Round "-"]
[White "m_2788"]
[Black "VictorCoruja"]
[Result "0-1"]
[WhiteElo "1882"]
[BlackElo "1696"]

1. d4 d5 2. c4 c6 3. Nc3 Nf6 4. Nf3 e6 5. Bf4 Nbd7 6. cxd5 cxd5 7. Rc1 a6 8. e3
Be7 9. Bd3 O-O 10. O-O Re8 11. Ne5 Nf8 12. Qc2 Ng6 13. Nxg6 hxg6 14. Be5 Bd7 15.
e4 Rc8 16. Bxf6 gxf6 17. f4 Kg7 18. e5 Rh8 19. Rf3 Qb6 20. Qf2 Rh6 21. Rc2 Rch8
22. h3 Qa5 23. Qg3 Rh4 24. f5 fxe5 25. fxg6 f5 26. dxe5 Qc5+ 27. Kf1 f4 28. Qf2
d4 29. Ne4 Qxe5 30. a3 Bc6 31. Qe2 R8h6 32. Rxc6 bxc6 33. Bxa6 Rxg6 34. Bd3 Rh8
35. Qc2 c5 36. b4 cxb4 37. axb4 Rg8 38. Nc5 Rg3 39. Ne4 Rxf3+ 40. gxf3 Qh5 41.
Qg2+ Kh8 42. Qh1 Qh4 43. Nf2 Bxb4 44. Ke2 e5 45. Ng4 Ra8 46. Bb5 Ra2+ 47. Kd3
Qh7+ 48. Kc4 Qc2+ 49. Kxb4 Qc3# 0-1

[Event "AcademiaPostal-2TP"]
[Site "http://www.queenalice.com/game.php?id=136058"]
[Date "2006.12.2"]
[Round "-"]
[White "marcosnatal"]
[Black "VictorCoruja"]
[Result "1-0"]
[WhiteElo "2202"]
[BlackElo "1706"]

1. d4 d5 2. c4 c6 3. cxd5 cxd5 4. Nf3 Nf6 5. Nc3 Bf5 6. Qb3 e6 7. Qxb7 Nbd7 8.
Nb5 Bb4+ 9. Nd2 Bxd2+ 10. Bxd2 O-O 11. Nd6 Ne4 12. Nxf5 exf5 13. Qxd5 Ndf6 14.
Qxd8 Rfxd8 15. e3 Nxd2 16. Kxd2 Ne4+ 17. Ke1 Rac8 18. Bd3 Rb8 19. Rb1 a5 20. Ke2
Kf8 21. Rhc1 g6 22. g4 Rdc8 23. Rxc8+ Rxc8 24. gxf5 gxf5 25. f3 Nd6 26. Rd1 f4
27. e4 f5 28. e5 Nc4 29. Rc1 1-0

[Event "AcademiaPostal-2TP"]
[Site "http://www.queenalice.com/game.php?id=136060"]
[Date "2006.12.2"]
[Round "-"]
[White "spiazzi"]
[Black "VictorCoruja"]
[Result "0-1"]
[WhiteElo "1486"]
[BlackElo "1677"]

1. e4 e6 2. d4 d5 3. e5 c5 4. c3 Nc6 5. Qa4 Qb6 6. Bb5 Bd7 7. Be3 a6 8. Na3 Nxe5
9. dxe5 Bxb5 10. Nxb5 Qxb5 11. b3 Qxa4 12. bxa4 f6 13. exf6 Nxf6 14. f3 O-O-O
15. Ne2 Bd6 16. g4 Rhf8 17. g5 Nd7 18. f4 Nb6 19. Ng3 Nxa4 20. Bd2 Bxf4 21. Bxf4
Rxf4 22. Nh5 Rf7 23. Rf1 Rxf1+ 24. Kxf1 Rd7 25. Rc1 c4 26. Ke2 Kd8 27. Ke3 Ke8
28. Kf4 Nc5 29. Rb1 b5 30. Ke3 e5 31. Rf1 Rf7 32. Rd1 d4+ 33. cxd4 exd4+ 34.
Rxd4 Re7+ 35. Kd2 Kf7 36. Rd5 Rd7 37. Nf4 Rxd5+ 38. Nxd5 Ne4+ 39. Ke3 Nxg5 40.
Kd4 Nf3+ 41. Kc5 Nxh2 42. Kb6 Ng4 43. Kxa6 h5 44. Kxb5 Ne5 45. Kc5 h4 46. Nf4
Nd3+ 47. Nxd3 cxd3 48. a4 d2 49. a5 d1=Q 50. a6 Qg1+ 51. Kb5 Qa7 52. Ka5 g5 53.
Ka4 h3 54. Ka5 h2 55. Ka4 g4 56. Ka5 Ke6 57. Ka4 Kd5 58. Ka5 Kc4 59. Ka4 Qxa6#
0-1

[Event "AcademiaPostal-2TP"]
[Site "http://www.queenalice.com/game.php?id=136064"]
[Date "2006.12.2"]
[Round "-"]
[White "Alaune"]
[Black "VictorCoruja"]
[Result "0-1"]
[WhiteElo "1800"]
[BlackElo "1654"]

1. e4 e6 2. e5 d5 3. d4 c5 4. c3 Nc6 5. Nf3 Qb6 6. Be2 Nge7 7. O-O Nf5 8. Bd3
cxd4 9. cxd4 Nfxd4 10. Nxd4 Qxd4 11. Bb5 Qxd1 12. Rxd1 Bd7 13. Bf4 Bc5 14. Nd2
a6 15. Bxc6 Bxc6 16. Rac1 Bb6 17. Rc3 O-O 18. Nf3 Rac8 19. Rb3 Ba4 20. Rxb6 Bxd1
21. Rxb7 Bxf3 22. gxf3 Rc2 23. Be3 Rfc8 24. a4 R2c4 25. b3 R4c7 26. Rb6 Ra8 27.
a5 Kf8 28. b4 Ke7 29. Bc5+ Ke8 30. f4 Rd7 31. f3 Kd8 32. Rc6 d4 33. Bd6 f6 34.
Kf2 Ke8 35. Ke2 Kf7 36. Kd3 g5 37. Kxd4 gxf4 38. Ke4 fxe5 39. Kxe5 Rb7 40. Bc5
Rd7 41. Kxf4 Rd5 42. Rc7+ Kg6 43. Rc6 Kf6 44. Ke4 Re5+ 45. Kf4 Re2 46. Bd4+ Kg6
47. Be3 Kf6 48. Bd4+ Kg6 49. Be3 Rxh2 50. Rxe6+ Kf7 51. Kf5 Rh5+ 52. Bg5 Rxg5+
0-1

[Event "AcademiaPostal-2TP"]
[Site "http://www.queenalice.com/game.php?id=136066"]
[Date "2006.12.2"]
[Round "-"]
[White "VictorCoruja"]
[Black "xandrj"]
[Result "0-1"]
[WhiteElo "1617"]
[BlackElo "1862"]

1. d4 d5 2. Nf3 Nc6 3. c4 Nf6 4. Nc3 Bg4 5. e3 Bxf3 6. Qxf3 e6 7. cxd5 Nxd5 8.
Bb5 a6 9. Bxc6+ bxc6 10. O-O Bd6 11. Bd2 O-O 12. Rfd1 Qh4 13. e4 Qxh2+ 14. Kf1
Nxc3 15. bxc3 Rab8 16. e5 Ba3 17. Ke2 Qh4 18. Rh1 Qe7 19. Qh5 h6 20. Bg5 Qxg5
0-1

[Event "AcademiaPostal-2TP"]
[Site "http://www.queenalice.com/game.php?id=136260"]
[Date "2006.12.2"]
[Round "-"]
[White "VictorCoruja"]
[Black "Alaune"]
[Result "0-1"]
[WhiteElo "1627"]
[BlackElo "1775"]

1. d4 d5 2. Nf3 Nc6 3. c4 e6 4. Nc3 Bb4 5. Bg5 Bxc3+ 6. bxc3 f6 7. Bd2 Bd7 8. e3
h6 9. Qc2 Qe7 10. cxd5 exd5 11. c4 Be6 12. cxd5 Bxd5 13. Bd3 g5 14. Bg6+ Bf7 15.
Be4 Qd6 16. Rb1 Nd8 17. O-O Rb8 18. Rfc1 c6 19. Ba5 Ne7 20. Bb4 Qc7 21. Bxe7
Qxe7 22. Qa4 a6 23. Bxc6+ Nxc6 24. Rxc6 O-O 25. Rc3 Bd5 26. Qa5 Be4 27. Rbc1 Bc6
28. d5 Bb5 29. Nd4 Rfd8 30. Nxb5 Rxd5 31. Qc7 Qd8 32. Qxd8+ Rbxd8 33. Nd4 R8d6
34. Rc8+ Kg7 35. R8c7+ Rd7 36. Rxd7+ Rxd7 37. Kf1 b5 38. Rc6 Ra7 39. Ke2 b4 40.
Kd3 a5 41. Kc4 Rb7 42. Kb3 f5 0-1

[Event "AcademiaPostal-2TP"]
[Site "http://www.queenalice.com/game.php?id=136609"]
[Date "2006.12.3"]
[Round "-"]
[White "VictorCoruja"]
[Black "spiazzi"]
[Result "1-0"]
[WhiteElo "1668"]
[BlackElo "1481"]

1. d4 d5 2. Nf3 e6 3. c4 Nf6 4. Nc3 dxc4 5. Bg5 c6 6. e3 h6 7. Bh4 g5 8. Bg3 Na6
9. Bxc4 b5 10. Bd3 Nb4 11. O-O g4 12. Ne5 Bd6 13. a3 Na6 14. Nxc6 Qc7 15. Bxd6
Qxd6 16. Bxb5 O-O 17. Ne5 Nc7 18. Nxg4 Kg7 19. Nxf6 Kxf6 20. Ne4+ Ke7 21. Nxd6
Kxd6 22. Qd3 Rb8 23. Bc4 Rxb2 24. Rab1 Rb6 25. Rxb6+ axb6 26. e4 e5 27. dxe5+
Kxe5 28. f4+ Kf6 29. Qd6+ Ne6 30. f5 Rd8 31. fxe6+ Kg7 32. Rxf7+ Kg8 33. Qxd8#
1-0

[Event "AcademiaPostal-2TP"]
[Site "http://www.queenalice.com/game.php?id=136655"]
[Date "2006.12.3"]
[Round "-"]
[White "VictorCoruja"]
[Black "m_2788"]
[Result "0-1"]
[WhiteElo "1631"]
[BlackElo "1875"]

1. d4 Nf6 2. Nf3 e6 3. c4 Bb4+ 4. Bd2 Bxd2+ 5. Nbxd2 d6 6. e3 Nbd7 7. Qc2 O-O 8.
Bd3 e5 9. Ng5 h6 10. Ngf3 Re8 11. O-O b6 12. Rfe1 Bb7 13. e4 c5 14. d5 Nh7 15.
Rad1 Ndf6 16. Nh4 Nh5 17. Nf5 Nf4 18. Bf1 Ng5 19. Re3 Bc8 20. h4 Nh7 21. g3 Nh5
22. Ree1 N7f6 23. Bh3 Kh7 24. Kg2 g6 25. Ne3 Bxh3+ 26. Kxh3 Qd7+ 27. Kg2 Ng4 28.
Qd3 Nxe3+ 29. Rxe3 Qg4 30. Qf1 f5 31. exf5 gxf5 32. Qe2 Nf4+ 0-1

[Event "AcademiaPostal-2TP"]
[Site "http://www.queenalice.com/game.php?id=136765"]
[Date "2006.12.3"]
[Round "-"]
[White "VictorCoruja"]
[Black "Bano"]
[Result "1-0"]
[WhiteElo "1719"]
[BlackElo "1311"]

1. d4 Nf6 2. Nf3 e6 3. c4 c5 4. Nc3 cxd4 5. Nxd4 e5 6. Nb3 b6 7. Bg5 Ba6 8. e4
h6 9. Bh4 g5 10. Bg3 Bb4 11. Qc2 Nc6 12. O-O-O Bxc3 13. Qxc3 Qe7 14. f3 Nh5 15.
Be2 Nxg3 16. hxg3 Rb8 17. f4 d6 18. Kb1 f6 19. Bh5+ Kd8 20. Rxd6+ Qxd6 21. Rd1
Nd4 22. Nxd4 Ke7 23. Nf5+ Kd7 24. Rxd6+ Kc7 25. c5 Kb7 26. c6+ Ka8 27. c7 Rbg8
28. fxe5 1-0

[Event "AcademiaPostal-2TP"]
[Site "http://www.queenalice.com/game.php?id=136869"]
[Date "2006.12.4"]
[Round "-"]
[White "VictorCoruja"]
[Black "HelbertW"]
[Result "1-0"]
[WhiteElo "1627"]
[BlackElo "1096"]

1. d4 d5 2. Nf3 Bf5 3. c4 e6 4. Nc3 c6 5. Bg5 Be7 6. Bxe7 Qxe7 7. e3 Qb4 8. Qb3
Qxb3 9. axb3 Nd7 10. Kd2 O-O-O 11. Rxa7 Kc7 12. Bd3 c5 13. Bxf5 1-0

[Event "AUTO-ADV-447"]
[Site "http://www.queenalice.com/game.php?id=187993"]
[Date "2007.3.26"]
[Round "1"]
[White "Sidav"]
[Black "VictorCoruja"]
[Result "1-0"]
[WhiteElo "2039"]
[BlackElo "1691"]

1. d4 d5 2. c4 c6 3. Nf3 Nf6 4. Nc3 Nbd7 5. cxd5 cxd5 6. Bf4 e6 7. e3 a6 8. Bd3
Be7 9. O-O Nh5 10. Bg3 Nxg3 11. hxg3 O-O 12. Qc2 h6 13. a3 Nf6 14. Rac1 Re8 15.
Ne5 Rf8 16. Na4 1-0

[Event "AUTO-ADV-447"]
[Site "http://www.queenalice.com/game.php?id=187994"]
[Date "2007.3.26"]
[Round "1"]
[White "VictorCoruja"]
[Black "Sidav"]
[Result "0-1"]
[WhiteElo "1702"]
[BlackElo "2036"]

1. d4 Nf6 2. Nf3 e6 3. c4 b6 4. Nc3 Bb4 5. Bg5 Bb7 6. a3 Bxc3+ 7. bxc3 d6 8. e3
h6 9. Bh4 g5 10. Bg3 Ne4 11. Qc2 Nd7 12. Bd3 f5 13. a4 Qe7 14. O-O Ndf6 0-1

[Event "AUTO-ADV-447"]
[Site "http://www.queenalice.com/game.php?id=188007"]
[Date "2007.3.26"]
[Round "1"]
[White "VictorCoruja"]
[Black "Guilherme_Ottoni"]
[Result "0-1"]
[WhiteElo "1715"]
[BlackElo "1802"]

1. d4 d5 2. Nf3 Nc6 3. c4 e6 4. Nc3 Bb4 5. Bg5 Nf6 6. e3 Bxc3+ 7. bxc3 h6 8.
cxd5 exd5 9. Bh4 g5 10. Bg3 Ne4 11. Qc2 f6 12. Bd3 Nxg3 13. hxg3 Be6 14. Rb1 b6
15. Bb5 Qd6 16. Nxg5 fxg5 17. Qg6+ Ke7 18. Rxh6 Rxh6 19. Qxh6 Rg8 20. Rd1 Bf7
0-1

[Event "AUTO-ADV-447"]
[Site "http://www.queenalice.com/game.php?id=188008"]
[Date "2007.3.26"]
[Round "1"]
[White "Guilherme_Ottoni"]
[Black "VictorCoruja"]
[Result "1-0"]
[WhiteElo "1817"]
[BlackElo "1702"]

1. e4 e6 2. d4 d5 3. Nc3 Bb4 4. e5 c5 5. a3 Bxc3+ 6. bxc3 Ne7 7. Qg4 O-O 8. Bd3
Ng6 9. h4 f5 10. Qg3 Rf7 11. h5 Ne7 12. Bg5 Nbc6 13. Nh3 cxd4 14. cxd4 Nxd4 15.
Bf6 Qa5+ 16. Kf1 Bd7 17. h6 Ng6 18. hxg7 Bb5 19. Ng5 Qc3 20. Rb1 1-0

[Event "1TP2008"]
[Site "http://www.queenalice.com/game.php?id=333199"]
[Date "2008.1.8"]
[Round "-"]
[White "vinicapi"]
[Black "VictorCoruja"]
[Result "1-0"]
[WhiteElo "1636"]
[BlackElo "1686"]

1. e4 e6 2. d4 d5 3. e5 c5 4. c3 Nc6 5. Nf3 Qc7 6. Bd3 f6 7. Bf4 Bd7 8. O-O
O-O-O 9. Nbd2 cxd4 10. cxd4 g5 11. Bg3 Nh6 12. exf6 Bd6 13. Bxd6 Qxd6 14. Nxg5
Qf4 15. Ngf3 Qxf6 16. Qc2 Nf5 17. Bxf5 exf5 18. Ne5 Kb8 19. Nxd7+ Rxd7 20. Nf3
Rg8 21. g3 f4 22. Rad1 1-0

[Event "1TP2008"]
[Site "http://www.queenalice.com/game.php?id=333202"]
[Date "2008.1.8"]
[Round "-"]
[White "MAUAXADREZ"]
[Black "VictorCoruja"]
[Result "0-1"]
[WhiteElo "1586"]
[BlackElo "1661"]

1. e4 e6 2. d4 d5 3. Nc3 Bb4 4. exd5 Bxc3+ 5. bxc3 exd5 6. Bf4 Nf6 7. Qf3 O-O 8.
O-O-O Bg4 9. Qe3 Bxd1 10. Kxd1 Re8 11. Qg3 Nh5 12. Qg4 Nxf4 13. Qxf4 c6 14. Bd3
Nd7 15. Nf3 Nf6 16. Qh4 Qa5 17. Ng5 h6 18. Kd2 hxg5 19. Qh3 Ne4+ 20. Bxe4 Rxe4
21. g3 Rae8 22. Rb1 Rxd4+ 23. Kc1 Qa3+ 24. Rb2 Re1# 0-1

[Event "1TP2008"]
[Site "http://www.queenalice.com/game.php?id=333561"]
[Date "2008.1.9"]
[Round "-"]
[White "VictorCoruja"]
[Black "MAUAXADREZ"]
[Result "1-0"]
[WhiteElo "1674"]
[BlackElo "1573"]

1. d4 d5 2. Nf3 Nc6 3. c4 dxc4 4. Nc3 Bf5 5. e4 Bg4 6. Bxc4 Bxf3 7. Qxf3 f6 8.
d5 Nd4 9. Qd1 c5 10. Qa4+ b5 11. Bxb5+ Nxb5 12. Nxb5 Kf7 13. O-O e6 14. dxe6+
Kxe6 15. Bf4 Qd3 16. Nc7+ Kf7 17. Rad1 Qe2 18. Nxa8 Qxb2 19. Nc7 g5 20. Qe8+ Kg7
21. Ne6+ Kh6 22. Qxf8+ Kh5 23. Qf7+ Kh6 24. g4 1-0

[Event "1TP2008"]
[Site "http://www.queenalice.com/game.php?id=334868"]
[Date "2008.1.11"]
[Round "-"]
[White "VictorCoruja"]
[Black "vinicapi"]
[Result "0-1"]
[WhiteElo "1668"]
[BlackElo "1654"]

1. d4 d5 2. Nf3 Nf6 3. c4 e6 4. Nc3 Bb4 5. a3 Bxc3+ 6. bxc3 h6 7. cxd5 exd5 8.
Bf4 O-O 9. e3 Bg4 10. h3 Bh5 11. Bd3 Nbd7 12. c4 dxc4 13. Bxc4 c5 14. O-O cxd4
15. exd4 Nb6 16. Bb3 Rc8 17. g4 Bg6 18. Ne5 Be4 19. g5 hxg5 20. Bxg5 Qd6 21.
Bxf6 Qxf6 22. Qg4 Bf5 0-1